000 00812nam a2200253Ia 4500
003 OSt
005 20220928122218.0
006 a|||||r|||| 00| 0
007 ta
008 220927b |||||||| |||| 00| 0 eng d
020 _cEURO 89.99
024 _a137462
037 _b167, 18/01/2018, Classic Book Service
_cTextual
040 _aSDCL
_cSDCL
_beng
041 _2eng
_aeng
082 _aV730b4'N, Q7
100 _aDolber Brian
_9456632
245 0 _aMedia and Culture in the U . S. Jewish labor movement
_b Sweating for democracy in the interwar era
260 _aSpringer
_bNature Palgrave Macmillan
_c2017
300 _axiv,256p.
_ccm.
650 _aHistory
942 _hV730b4'N, Q7
_cTEXL
_2CC
999 _c770216
_d770216